| 000 | 00643nam a22002057a 4500 | ||
|---|---|---|---|
| 003 | OSt | ||
| 005 | 20251203113339.0 | ||
| 008 | 251203b |||||||| |||| 00| 0 eng d | ||
| 020 | _a13-978-981-06-9808-9. | ||
| 040 |
_aDWCL-Main lib _cOC |
||
| 082 |
_211th ed. _aCirc. 540 H646 2007 |
||
| 100 | _aKolb, Doris K. | ||
| 245 |
_aChemistry for changing times _cKolb, Doris K. |
||
| 260 |
_aSingapore : _bPearson Education Asia Pte. Ltd., _cc2007. |
||
| 300 |
_axxxi, (various paging) : _billustration ; _c24 cm. |
||
| 650 | _21. Chemistry. | ||
| 700 | _aMccreary, Terry W. | ||
| 700 | _aHill, John W. | ||
| 942 |
_2ddc _cBK-CIRC _e11th ed. _kCirc. _n0 |
||
| 999 |
_c6757 _d6757 |
||